| 000 | 00772nam a2200217Ia 4500 | ||
|---|---|---|---|
| 008 | 140321s9999 xx 000 0 und d | ||
| 020 | _a9781451151862 | ||
| 050 |
_aRT 81.5 _b.St78 2007 |
||
| 100 | _aStreubert, Helen J. | ||
| 245 |
_aQualitative research in nursing : _badvancing the humanistic imperative / _cHelen J. Streubert and Dona Rinaldi Carpenter. |
||
| 250 | _a5th ed. | ||
| 260 |
_aPhiladelphia : _bWolters Kluwer Health/Lippincott Williams & Wilkins, _cc2011. |
||
| 300 |
_a470 p. : _c24 cm. |
||
| 500 | _aIncludes bibliographical references and index. | ||
| 521 | _aNUR | ||
| 650 |
_aNursing Research _xMethods. |
||
| 650 |
_aNursing _xResearch --Methodology. |
||
| 650 |
_aSociology _xResearch -- Methodology. |
||
| 942 |
_kFOR _cBK |
||
| 999 |
_c48286 _d48286 |
||